000
00238nam a2200097Ia 4500
008
120527s9999 xx 000 0 und d
100
_a
NUC
245
_a
Nigerian University system:A paraststla's post,present
260
_b
NUC
942
_c
BK
999
_c
20446
_d
20446